REQUISITORIA DEL MINISTERIO PUBLICO Y ALEGATOS DE LOS DEFENSORES EN EL JURADO DE JOSE DE LEON TORAL Y CONCEPCION ACEVEDO Y DE LA LLATAREOS DEL DELITO DE HOMICIDIO PRODITORIO DE GENERAL ALVARO OBREGON/
Guardado en:
| Hovedforfatter: | |
|---|---|
| Format: | Bog |
| Fag: | |
| Tags: |
Ingen Tags, Vær først til at tagge denne postø!
|
MARC
| LEADER | 00000nam^a2200000^a^4500 | ||
|---|---|---|---|
| 001 | 000257714 | ||
| 005 | 20250526000000.0 | ||
| 009 | 20260310110300.082 | ||
| 035 | |a C46957 | ||
| 037 | |a Acervo Xavier Clavigero | ||
| 082 | |a 342. |b MED | ||
| 100 | |a Medina, Enrique |e (autor) | ||
| 245 | 1 | 0 | |a REQUISITORIA DEL MINISTERIO PUBLICO Y ALEGATOS DE LOS DEFENSORES EN EL JURADO DE JOSE DE LEON TORAL Y CONCEPCION ACEVEDO Y DE LA LLATAREOS DEL DELITO DE HOMICIDIO PRODITORIO DE GENERAL ALVARO OBREGON/ |c ENRIQUE MEDINA |
| 264 | |a MEXICO : |b TALLERES GRAFICOS, |c 1928 | ||
| 300 | |a 89p. | ||
| 336 | |a texto |b txt |2 rdacontenido | ||
| 337 | |a sin mediación |b n |2 rdamedio | ||
| 338 | |a volumen |b nc |2 rdasoporte | ||
| 649 | |a XX | ||
| 650 | |a Guerra Cristera | ||
| 910 | |a Fondo Jesús Gómez Fregoso S.J. FXC | ||
| 920 | |a Impresos - Libros | ||
| 930 | |a Libros Antiguos y Raros | ||
| 940 | |a Guerra Cristera | ||
| 905 | |a 110 | ||
| 901 | |a 046957 |b IT2 |c LRA |i C46957 |u 20250526 | ||
| 902 | |a https://opac.biblio.iteso.mx/vufind/Record/000257714 | ||